banner-ar

Administration, société et pouvoir à Thèbes sous la XXIIIe dynastie bubastite / (Record no. 63045)

MARC details
000 -الفاتح
حقل البيانات ثابتة الطول 01543cam a2200253Ma 4500
005 - وقت وتاريخ اخر تعامل مع التسجيلة
رقم الضبط 20240530110620.0
008 - عناصر البيانات ثابتة الطول - معلومات عامة
حقل البيانات ثابتة الطول 140307s2014 fr a b 000 0 fre d
020 ## - الرقم الدولى المعيارى للكتب
الرقم الدولى المعيارى للكتاب 9782724706444
040 ## - مصدر الفهرسة
وكالة النسخ EG-CAGPL
082 04 - رقم تصنيف ديوى العشرى
رقم التصنيف 932
رقم الطبعة 21
رقم المادة CC/P A
100 1# - المدخل الرئيسى - إسم شخصى
الإسم الشخصى Payraudeau, Frédéric.
245 10 - بيان العنوان
العنوان Administration, société et pouvoir à Thèbes sous la XXIIIe dynastie bubastite /
بيان المسئوليه,etc Frédéric Payraudeau.
260 ## - PUBLICATION, DISTRIBUTION, ETC. (IMPRINT)
تاريخ النشر أو التوزيع 2014.
300 ## - الوصف المادى
التعداد 2 v. :
تفاصيل ماديه اخرى للوعاء ill. ;
أبعاد الوعاء 28 cm.
490 1# - بيان السلسلة
عنوان السلسلة Bibliothèque d'étude
رقم المجلد/ التعيين التسلسلي 160
504 ## - تبصرة ببليوجرافية
تبصرة ببليوجرافية,الخ Includes bibliographical references.
651 #0 - المدخل الاضافى بالموضوع - اسم جغرافى
الاسم الجغرافي Egypt
التقسيم الفرعي العام History
التقسيم الفرعي الزمني Third Intermediate Period, ca. 1071-ca. 650 B.C.
651 #0 - المدخل الاضافى بالموضوع - اسم جغرافى
الاسم الجغرافي Thebes (Egypt : Extinct city)
942 ## - عناصر المدخل الإضافي( كوها)
مصدر التصنيف او مخطط الترفيف Dewey Decimal Classification
Koha [default] item type كتاب
260 ## - PUBLICATION, DISTRIBUTION, ETC. (IMPRINT)
-- Le Caire :
-- Institut franc̦ais d'archéologie orientale,
520 8# - التبصرة الخاصة بالتعليق أو التلخيص
ملخص,الخ "This work proposes a socio-political history of Egypt during the Libyan Period (XXIInd Dynasty, c. 943-730 BC) through an intensive case study of the city of Thebes. The study presents a chronological analysis of this often disturbed period and includes prosopographical research on local families and an administrative history using titles of state officials. The study of the complex relationships maintained by the royal powers within Theban society, and the analysis of the structures of this society in the light of the anthropology, highlight the originality of this period and the continuity of the royal and state traditions in the Egyptian History of the First Millennium BC."
830 #0 - المدخل الاضافى بالسلسلة -عنوان موحد
عنوان موحد Bibliothèque d'étude.
عنوان العمل .160.
Holdings
حالة التراجع حالة الفقد مصدر التصنيف او خطة الترفيف حالة تلف ليس للاعارة المكان المؤقت الموقع الحالى موقع الترفيف تاريخ الاكتساب اجمالي اﻻعارات رقم الطلب الباركود تاريخ اخر مشاهدة تاريخ تفعيل السعر نوع وعاء كوها
    ddc     مكتبة القاهرة الكبرى مكتبة القاهرة الكبرى   12/19/2016   932 CC/P A 162993 12/19/2016 12/19/2016 كتاب

Powered By

EGPV